000 00478nam a22001697a 4500
005 20251108171225.0
008 250721s9999 xx 000 0 ara d
082 1 4 _aم/412/تها
100 1 _aالتهانوي، محمد بن علي
245 1 0 _aكشاف إصطلاحات الفنون /
264 1 _aبيروت :
_bدار صادر،
_c[19-].
300 _a
650 1 7 _aاللغة العربية
650 1 7 _aالمعاجم
942 _2ddc
_cREF
999 _c59771
_d59771